Najsławniejsi Polacy cz1 (Dla Ignacego) - Statystyki

Ogólne statystyki
  • Ten quiz został rozwiązany 602 razy
  • Średni wynik to 9 z 15
Statystyki odpowiedzi
Obrazkowy Odpowiedź % Poprawnych
Robert Lewandowski
99%
Lech Wałęsa
95%
Mikołaj Kopernik
91%
Karol Wojtyła
90%
Maria Skłodowska-Curie
89%
Józef Piłsudski
86%
Cezary Pazura
80%
Fryderyk Chopin
67%
Adam Mickiewicz
64%
Jan III Sobieski
52%
Witold Pilecki
43%
Andrzej Wajda
39%
Józef Poniatowski
23%
Irena Sendler
22%
Ernest Malinowski
7%
Nie znaleziono quizów pasujących do podanych kryteriów
Rozkład punktacji
Procent ludzi z każdym wynikiem
Percentyl według liczby udzielonych odpowiedzi
Twoja historia wyników
Nie rozwiązałeś tego quizu